[Event "FIDE Online Olympiad"]
[Site "Chess.com"]
[Date "2020.08.02"]
[EventDate "2020.07.31"]
[Round "8"]
[Result "1-0"]
[White "Nur Zahira Zazali"]
[Black "Halima Hammadi"]
[WhiteElo "1501"]
[BlackElo "1181"]
[PlyCount "113"]

1. e4 e5 2. Nf3 Nc6 3. Nc3 Nf6 4. Bc4 d6 5. h3 Be6 6. Bb3 Bxb3
7. axb3 d5 8. exd5 Nxd5 9. O-O Nf4 10. d4 Nd5 11. Re1 Bd6
12. Nxd5 O-O 13. c3 Re8 14. Bg5 f6 15. Bh4 Ne7 16. Nxe7+ Bxe7
17. dxe5 fxe5 18. Qxd8 Raxd8 19. Bxe7 Rxe7 20. Rxe5 Rxe5
21. Nxe5 c5 22. Rxa7 b5 23. Kf1 Rb8 24. f4 h6 25. Ke2 b4
26. c4 Rd8 27. g4 Kh7 28. h4 Re8 29. Ke3 h5 30. g5 Kg8 31. Ke4
Rf8 32. Rc7 Rb8 33. g6 Re8 34. f5 Kf8 35. Kd5 Kg8 36. Rxc5 Kf8
37. Rc7 Rd8+ 38. Kc6 Re8 39. Nd3 Kg8 40. Nxb4 Rf8 41. Rf7 Rxf7
42. gxf7+ Kxf7 43. Kd5 Kf6 44. Ke4 g5 45. Nd5+ Kf7 46. hxg5 h4
47. Nf4 Kg7 48. c5 Kf7 49. b4 Ke7 50. b5 Kd7 51. Kd5 Kc7
52. g6 Kd7 53. f6 Ke8 54. b6 Kd8 55. c6 Ke8 56. b7 Kd8
57. b8=Q# 1-0

[Event "FIDE Online Olympiad"]
[Site "Chess.com"]
[Date "2020.08.02"]
[EventDate "2020.07.31"]
[Round "8"]
[Result "1-0"]
[White "Sujana Lohani"]
[Black "Hsu Lwin May"]
[WhiteElo "1476"]
[BlackElo "1987"]
[PlyCount "69"]

1. d4 d5 2. Nf3 Nf6 3. c4 e6 4. e3 c6 5. Bd3 a6 6. Nbd2 Nbd7
7. O-O Bd6 8. e4 dxe4 9. Nxe4 Nxe4 10. Bxe4 Nf6 11. Bc2 O-O
12. Bg5 h6 13. Bh4 Be7 14. Qd3 g6 15. Rad1 Nd7 16. Bg3 Bf6
17. h4 h5 18. Qe3 Qb6 19. b3 c5 20. d5 Re8 21. d6 e5 22. Ng5
Bg7 23. f4 Nf6 24. fxe5 Ng4 25. Qf3 f6 26. Bxg6 Rf8 27. Qd5+
Kh8 28. Nf7+ Rxf7 29. Qxf7 Bd7 30. exf6 Nxf6 31. Rxf6 Rf8
32. Qxd7 Rxf6 33. Bc2 Rf8 34. Qe7 Qd8 35. Be5 1-0

[Event "FIDE Online Olympiad"]
[Site "Chess.com"]
[Date "2020.08.02"]
[EventDate "2020.07.31"]
[Round "8"]
[Result "1-0"]
[White "Jackson Kamau Ndegwa"]
[Black "Yu Dong Michael Deng"]
[WhiteElo "1987"]
[BlackElo "1749"]
[PlyCount "23"]

1. e4 c5 2. Nc3 Nc6 3. f4 g6 4. Nf3 Bg7 5. Bc4 d6 6. O-O e6
7. d3 Nge7 8. Qe1 O-O 9. f5 exf5 10. Qh4 Nd4 11. Bg5 Re8
12. Nd5 1-0

[Event "FIDE Online Olympiad"]
[Site "Chess.com"]
[Date "2020.08.02"]
[EventDate "2020.07.31"]
[Round "8"]
[Result "1-0"]
[White "Lut Yin Luke Lau"]
[Black "Martin Njoroge"]
[WhiteElo "1944"]
[BlackElo "1781"]
[PlyCount "61"]

1. e4 Nf6 2. Nc3 d5 3. exd5 Nxd5 4. Nf3 g6 5. Bc4 Nb6 6. Bb3
Bg7 7. O-O O-O 8. h3 a5 9. a3 Nc6 10. d3 e5 11. Bg5 Qd7
12. Qd2 Nd4 13. Nxd4 exd4 14. Ne4 Kh8 15. Bf6 Bxf6 16. Nxf6
Kg7 17. Nxd7 Bxd7 18. Qf4 c5 19. Qc7 Ra6 20. Qxc5 Bc6
21. Qxd4+ Kg8 22. Rae1 Nd7 23. Re7 Raa8 24. Rxd7 Bxd7 25. Qxd7
b6 26. Re1 Rad8 27. Bxf7+ Kg7 28. Qe7 Kh6 29. Bc4 Rb8 30. Qh4+
Kg7 31. Re7+ 1-0

[Event "FIDE Online Olympiad"]
[Site "Chess.com"]
[Date "2020.08.02"]
[EventDate "2020.07.31"]
[Round "8"]
[Result "1-0"]
[White "Ze Jun Lin"]
[Black "Glenda Madelta"]
[WhiteElo "1677"]
[BlackElo "1427"]
[PlyCount "57"]

1. e4 e6 2. d4 d5 3. Nd2 Nf6 4. e5 Nfd7 5. Bd3 c5 6. c3 Nc6
7. Ne2 Be7 8. Nf3 f6 9. Nf4 Nb6 10. exf6 Bxf6 11. dxc5 Nd7
12. Nxe6 Qe7 13. Qe2 Nde5 14. Nxe5 Nxe5 15. Nf4 O-O 16. O-O
Qxc5 17. Be3 Qd6 18. Bc2 Bg5 19. Nxd5 Ng4 20. f4 Nxe3 21. Nxe3
Bxf4 22. Nd5 Bxh2+ 23. Kh1 Qxd5 24. Bb3 Qxb3 25. Rxf8+ Kxf8
26. axb3 Bd6 27. Rf1+ Kg8 28. Qe8+ Bf8 29. Qxf8# 1-0

[Event "FIDE Online Olympiad"]
[Site "Chess.com"]
[Date "2020.08.02"]
[EventDate "2020.07.31"]
[Round "8"]
[Result "1-0"]
[White "Yeh Yang Liu"]
[Black "Tinnakrit Arunnuntapanich"]
[WhiteElo "2004"]
[BlackElo "2067"]
[PlyCount "69"]

1. e4 c5 2. Nf3 d6 3. c3 Nf6 4. Qc2 g6 5. d4 cxd4 6. cxd4 Bg7
7. Nc3 O-O 8. Be2 Nc6 9. O-O Bg4 10. Be3 Rc8 11. d5 Bxf3
12. Bxf3 Ne5 13. Be2 a6 14. Qb3 b5 15. a4 Nc4 16. Bc1 Na5
17. Qb4 Nb7 18. axb5 axb5 19. Bxb5 Nc5 20. f3 Rb8 21. Be3 Nfd7
22. Qa5 Qxa5 23. Rxa5 Bxc3 24. bxc3 Nb3 25. Ra7 Rxb5 26. Rxd7
Rc8 27. Rxe7 Rxc3 28. Bh6 Rb8 29. Rb1 Rd8 30. h4 Nc5 31. Rb6
f5 32. Rc6 Na4 33. Ra6 Nc5 34. Rg7+ Kh8 35. Raa7 1-0

[Event "FIDE Online Olympiad"]
[Site "Chess.com"]
[Date "2020.08.02"]
[EventDate "2020.07.31"]
[Round "8"]
[Result "1-0"]
[White "Prin Laohawirapap"]
[Black "Ting-Hao Wang"]
[WhiteElo "1834"]
[BlackElo "1788"]
[PlyCount "69"]

1. e4 c5 2. Nc3 g6 3. d4 cxd4 4. Qxd4 Nf6 5. Nf3 Nc6 6. Qa4
Bg7 7. e5 Ng8 8. Bf4 Nh6 9. h3 O-O 10. O-O-O Qa5 11. Qe4 Qb4
12. Qe3 Nf5 13. Qd2 d6 14. a3 Qa5 15. exd6 Nxd6 16. Nd5 Qxd2+
17. Rxd2 Be6 18. Nxe7+ Nxe7 19. Bxd6 Rfe8 20. Kb1 Nc6 21. Bd3
Red8 22. Bf4 Bd5 23. Be2 Rac8 24. Rhd1 Be6 25. Ng5 Rxd2
26. Rxd2 Bf5 27. g4 Be6 28. Nxe6 fxe6 29. Bc4 Nd4 30. Rxd4 Rc6
31. Rd8+ Kf7 32. Rd7+ Kf6 33. Bb3 Bf8 34. Rxb7 e5 35. Rf7# 1-0

[Event "FIDE Online Olympiad"]
[Site "Chess.com"]
[Date "2020.08.02"]
[EventDate "2020.07.31"]
[Round "9"]
[Result "1-0"]
[White "Raymond Song"]
[Black "Shuaau Muhammed"]
[WhiteElo "2254"]
[BlackElo "1733"]
[PlyCount "45"]

1. d4 d5 2. c4 e6 3. Nf3 Nf6 4. g3 dxc4 5. Bg2 a6 6. O-O b5
7. Ne5 Ra7 8. a4 c5 9. axb5 Nfd7 10. Nxc4 cxd4 11. Qxd4 Nc5
12. Qf4 Bb7 13. b6 Ra8 14. Bxb7 Nxb7 15. Nc3 Bc5 16. Qc7 Qxc7
17. bxc7 Nd7 18. Rxa6 Rc8 19. Rd1 Rxc7 20. Ra8+ Nd8 21. Nb5
Rc6 22. Rxd7 Kxd7 23. Ne5+ 1-0

[Event "FIDE Online Olympiad"]
[Site "Chess.com"]
[Date "2020.08.02"]
[EventDate "2020.07.31"]
[Round "9"]
[Result "1-0"]
[White "Ching-An Shih"]
[Black "Shareef Aishath Alya Mohamed"]
[WhiteElo "1680"]
[BlackElo "1098"]
[PlyCount "95"]

1. Nf3 e6 2. g3 d5 3. d4 Nf6 4. Bg2 Be7 5. O-O O-O 6. Nbd2 c5
7. c3 Nc6 8. Re1 Re8 9. Qc2 h6 10. dxc5 Bxc5 11. e4 b6
12. exd5 exd5 13. Nb3 Rxe1+ 14. Nxe1 Qe7 15. Bf4 Bd6 16. Bxd6
Qxd6 17. Rd1 Be6 18. Nd4 Nxd4 19. Rxd4 Rc8 20. Qd2 Rd8 21. Nc2
b5 22. Ne3 Qc6 23. h4 Rd6 24. Kh2 Qd7 25. Qd3 a6 26. Qd2 Kh8
27. c4 bxc4 28. Nxc4 Rc6 29. Ne5 Ne4 30. Bxe4 Qc7 31. Nxc6
dxe4 32. Rd8+ Kh7 33. Qd6 Qxd6 34. Rxd6 Bxa2 35. Nb4 Bc4
36. Nxa6 Bxa6 37. Rxa6 f5 38. Kg2 g6 39. b4 Kg7 40. b5 Kf7
41. Rc6 Ke7 42. b6 Kd7 43. Rc3 Kd8 44. b7 Ke7 45. b8=Q Kf6
46. Qe8 Kg7 47. Qe7+ Kg8 48. Rc8# 1-0

[Event "FIDE Online Olympiad"]
[Site "Chess.com"]
[Date "2020.08.02"]
[EventDate "2020.07.31"]
[Round "9"]
[Result "1-0"]
[White "Ting-Hao Wang"]
[Black "Ahmed Yoosuf Waseem"]
[WhiteElo "1788"]
[BlackElo "1177"]
[PlyCount "125"]

1. e4 e6 2. Qe2 Be7 3. g3 d5 4. d3 Nf6 5. Bg2 O-O 6. Nf3 Re8
7. O-O Bd6 8. e5 Bxe5 9. Nxe5 Nbd7 10. Nxd7 Bxd7 11. Bg5 h6
12. Bxf6 Qxf6 13. c3 Bb5 14. c4 Bc6 15. Nc3 Rad8 16. Rfe1 Re7
17. Rad1 Red7 18. cxd5 exd5 19. d4 a6 20. Qe5 Qg6 21. Bh3 Rd6
22. Bf5 Qf6 23. Qxf6 Rxf6 24. Bh3 Bd7 25. Nxd5 Rd6 26. Ne7+
Kh8 27. Bxd7 R6xd7 28. Nf5 g6 29. Ne3 Rxd4 30. Rxd4 Rxd4
31. Rd1 Rxd1+ 32. Nxd1 Kg7 33. Nc3 Kf8 34. Ne4 Ke7 35. Nc5 Kd6
36. Nxb7+ Kc6 37. Nd8+ Kb5 38. Nxf7 Kc4 39. Ne5+ Kd4 40. f4 g5
41. Kf2 gxf4 42. gxf4 Ke4 43. Kg3 h5 44. h4 a5 45. Nc4 a4
46. b3 axb3 47. axb3 c6 48. Na5 c5 49. Nb7 Kd5 50. Nxc5 Kxc5
51. f5 Kb4 52. f6 Kxb3 53. f7 Kc4 54. f8=Q Kd5 55. Qe7 Kd4
56. Kf3 Kd3 57. Qd6+ Kc4 58. Ke3 Kc3 59. Qc5+ Kb3 60. Kd2 Kb2
61. Qb4+ Ka1 62. Kc2 Ka2 63. Qb2# 1-0

[Event "FIDE Online Olympiad"]
[Site "Chess.com"]
[Date "2020.08.02"]
[EventDate "2020.07.31"]
[Round "9"]
[Result "1-0"]
[White "Yu Dong Michael Deng"]
[Black "Tupfah Khumnorkaew"]
[WhiteElo "1749"]
[BlackElo "1888"]
[PlyCount "45"]

1. d4 Nf6 2. c4 g6 3. Nc3 Bg7 4. e4 d6 5. f3 O-O 6. Be3 e5
7. d5 Nh5 8. Qd2 f5 9. exf5 gxf5 10. Bd3 Qh4+ 11. Bf2 Qf6
12. O-O-O e4 13. Bc2 Bh6 14. Be3 f4 15. Nxe4 Qf7 16. Bd4 Nd7
17. Ne2 Ng7 18. g4 Ne8 19. h4 b5 20. Ng5 Bxg5 21. hxg5 Nef6
22. gxf6 Nxf6 23. Rh6 1-0

[Event "FIDE Online Olympiad"]
[Site "Chess.com"]
[Date "2020.08.02"]
[EventDate "2020.07.31"]
[Round "9"]
[Result "1-0"]
[White "Jing Xin Crystal Deng"]
[Black "Manunthon Atikankhotchasee"]
[WhiteElo "1575"]
[BlackElo "1549"]
[PlyCount "149"]

1. d4 Nf6 2. c4 Nc6 3. Nf3 e6 4. Nc3 d5 5. Bg5 Be7 6. e3 O-O
7. Bd3 Nb4 8. Be2 h6 9. Bh4 b6 10. a3 Na6 11. O-O Bb7 12. b4
c6 13. Rc1 Nc7 14. c5 bxc5 15. bxc5 Ba6 16. Bxa6 Nxa6 17. Qa4
Qc8 18. Ne5 Nb8 19. Rb1 g5 20. Bg3 Nh5 21. Rxb8 Rxb8 22. Nxc6
Rb7 23. Nxe7+ Rxe7 24. Bd6 Rd7 25. Bxf8 Kxf8 26. Nb5 Qb8
27. c6 Re7 28. c7 Rxc7 29. Nxc7 Qxc7 30. Qb4+ Kg7 31. h3 Nf6
32. Rb1 Ne4 33. Qb8 Qc2 34. Rb2 Qc1+ 35. Kh2 a5 36. Qe5+ Kg6
37. Rb8 Nf6 38. Rb7 Qxa3 39. Qc7 Qf8 40. Qxa5 Ne4 41. Kg1 Qc8
42. Qc7 Qe8 43. Qd7 Qg8 44. Qc7 h5 45. Rb8 Qg7 46. Qd7 Qf6
47. f3 Ng3 48. Qd8 Qxd8 49. Rxd8 Nf5 50. Kf2 h4 51. Rb8 Ng3
52. Rb1 Kf5 53. Rd1 Kf6 54. Rc1 Kf5 55. Re1 Kf6 56. e4 dxe4
57. fxe4 Kg6 58. d5 exd5 59. exd5 Nf5 60. Kf3 f6 61. Rd1 Nd6
62. g4 Kf7 63. Re1 Ne8 64. Re3 Nd6 65. Ke2 Nc4 66. Re6 Ne5
67. Ke3 Nc4+ 68. Kd4 Nd2 69. Re3 Nf1 70. Re2 Ng3 71. Re1 f5
72. gxf5 Nxf5+ 73. Ke5 Kg6 74. d6 Ng3 75. d7 1-0

[Event "FIDE Online Olympiad"]
[Site "Chess.com"]
[Date "2020.08.02"]
[EventDate "2020.07.31"]
[Round "9"]
[Result "1-0"]
[White "Hsu Lwin May"]
[Black "Lucy Wanjiru"]
[WhiteElo "1987"]
[BlackElo "1349"]
[PlyCount "73"]

1. d4 d5 2. c4 e6 3. Nc3 Nf6 4. Nf3 Bb4 5. Bg5 Nbd7 6. e3 c6
7. a3 Be7 8. Bd3 h6 9. Bh4 dxc4 10. Bxc4 Nd5 11. Bg3 N7f6
12. Ne5 Nxc3 13. bxc3 O-O 14. O-O Ne4 15. Qc2 Nxg3 16. hxg3
Bf6 17. f4 Bd7 18. g4 Bxe5 19. fxe5 Qh4 20. Be2 Qg5 21. Qe4 c5
22. Bd3 g6 23. Qf4 Qxf4 24. exf4 cxd4 25. cxd4 Bc6 26. Rad1
Rad8 27. Bc2 Rd7 28. Rf2 Rfd8 29. Rfd2 Kg7 30. Kf2 Bb5 31. f5
Bc4 32. Ke3 g5 33. f6+ Kf8 34. Rh1 Rc7 35. Rxh6 Ke8 36. Rh5
Bb3 37. Bxb3 1-0

[Event "FIDE Online Olympiad"]
[Site "Chess.com"]
[Date "2020.08.02"]
[EventDate "2020.07.31"]
[Round "9"]
[Result "1-0"]
[White "Han Thiha Sai"]
[Black "Robert Mcligeyo"]
[WhiteElo "1768"]
[BlackElo "1408"]
[PlyCount "65"]

1. d4 Nf6 2. Bf4 e6 3. Nf3 d5 4. e3 Bd6 5. Bg3 O-O 6. Nbd2 c5
7. c3 Nc6 8. Bd3 b6 9. e4 dxe4 10. Nxe4 Nxe4 11. Bxe4 Bb7
12. dxc5 Bxc5 13. Qe2 a5 14. O-O Ba6 15. c4 Rc8 16. Rfd1 Qe7
17. a3 a4 18. Qc2 f5 19. Bxc6 Rxc6 20. Qxa4 Bb7 21. b4 Bd6
22. b5 Ra8 23. Qc2 Rcc8 24. Bxd6 Qf7 25. Qe2 Ra4 26. Bb4 Be4
27. Ng5 Qg6 28. Nxe4 fxe4 29. Rd7 Rca8 30. Rad1 h6 31. h3 Qf6
32. Qxe4 Rxb4 33. Qxa8+ 1-0

[Event "FIDE Online Olympiad"]
[Site "Chess.com"]
[Date "2020.08.02"]
[EventDate "2020.07.31"]
[Round "9"]
[Result "1-0"]
[White "Krishi Shah"]
[Black "Thu Aung Moe"]
[WhiteElo "1600"]
[BlackElo "1164"]
[PlyCount "153"]

1. e4 e5 2. Bc4 Bc5 3. c3 Nf6 4. d3 O-O 5. Nf3 Nc6 6. Be3 Bb6
7. Nbd2 d6 8. Bb3 Bg4 9. Nf1 h6 10. h3 Bh5 11. Ng3 Bg6 12. Qd2
Bxe3 13. fxe3 d5 14. exd5 Nxd5 15. O-O Nf6 16. d4 exd4
17. exd4 Ne4 18. Nxe4 Bxe4 19. Rae1 Bd5 20. Qf4 Bxb3 21. axb3
Ne7 22. Qg4 Ng6 23. h4 Qd6 24. h5 Ne7 25. Nh4 Rae8 26. Re3 Qd5
27. Rg3 Qg5 28. Qxg5 hxg5 29. Rxg5 f6 30. Rg4 Kh7 31. Rf3 Kh6
32. Rh3 f5 33. Rgg3 f4 34. Rg4 Rf7 35. Ng6 Nd5 36. Ne5 Rf5
37. c4 Ne7 38. Rhh4 Ref8 39. Ng6 Nxg6 40. Rxg6+ Kh7 41. Re6
R8f7 42. h6 g6 43. Rg4 R5f6 44. Rxf6 Rxf6 45. Rh4 g5 46. Rh5
Rf5 47. Kf2 c6 48. Kf3 Rf6 49. Kg4 Rxh6 50. d5 Kg7 51. Rxg5+
Kf6 52. Rf5+ Ke7 53. Kxf4 cxd5 54. cxd5 Kd6 55. g4 Rh4 56. Kg5
Rh2 57. Kf6 Rxb2 58. g5 Rxb3 59. g6 Rg3 60. g7 a5 61. Kf7 a4
62. g8=Q Rxg8 63. Kxg8 b5 64. Kf7 a3 65. Kf6 b4 66. Rf2 Kxd5
67. Kf5 Kc4 68. Ke4 Kb3 69. Kd3 a2 70. Rf1 Kb2 71. Rf2+ Kb3
72. Rf1 Kb2 73. Rf2+ Ka3 74. Rf1 b3 75. Kc3 b2 76. Rf8 b1=Q
77. Ra8# 1-0

[Event "FIDE Online Olympiad"]
[Site "Chess.com"]
[Date "2020.08.02"]
[EventDate "2020.07.31"]
[Round "9"]
[Result "1-0"]
[White "Azahari Siti Nur Fatimah Hj"]
[Black "Sujana Lohani"]
[WhiteElo "1927"]
[BlackElo "1476"]
[PlyCount "73"]

1. e4 g6 2. d4 Bg7 3. Nc3 d6 4. f4 Nf6 5. Nf3 Na6 6. e5 Nd7
7. Be3 O-O 8. Be2 c5 9. O-O cxd4 10. Qxd4 dxe5 11. fxe5 Qa5
12. Nd5 Kh8 13. c3 Nc7 14. Nxc7 Qxc7 15. Qc4 Qxc4 16. Bxc4 e6
17. Bd4 a6 18. Bd3 b6 19. Be4 Rb8 20. Bc6 Nc5 21. Ng5 Kg8
22. Rf3 Bb7 23. Bxb7 Rxb7 24. Re1 h6 25. Nh3 g5 26. Nf2 Na4
27. b3 Nc5 28. Ng4 Nd7 29. Rh3 Kh7 30. Rf1 Kg6 31. Re3 Nc5
32. Bxc5 bxc5 33. Re4 Rd8 34. Nf6 Rd2 35. Ra4 Re2 36. h4 gxh4
37. Rg4# 1-0

[Event "FIDE Online Olympiad"]
[Site "Chess.com"]
[Date "2020.08.02"]
[EventDate "2020.07.31"]
[Round "9"]
[Result "1-0"]
[White "Anisha Neupane"]
[Black "Nur Zahira Zazali"]
[WhiteElo "1471"]
[BlackElo "1501"]
[PlyCount "81"]

1. e4 e5 2. Nf3 Nc6 3. d4 exd4 4. Nxd4 Bc5 5. Nb3 Bb6 6. Qe2
d6 7. Be3 Nge7 8. Nc3 O-O 9. O-O-O Be6 10. Nd5 Ne5 11. f4 Bg4
12. Qd2 Bxe3 13. Qxe3 Bxd1 14. fxe5 Bh5 15. exd6 cxd6 16. Bc4
Nxd5 17. Bxd5 Rb8 18. h3 h6 19. g4 Bg6 20. h4 b6 21. g5 h5
22. Nd4 Qc7 23. Nf5 Rbe8 24. Qd4 Re5 25. Rf1 Qc5 26. Qd1 Bxf5
27. Rxf5 g6 28. Rf6 Kg7 29. Qf1 Rxd5 30. exd5 Qxd5 31. b3 Re8
32. c4 Qe5 33. Rxf7+ Kg8 34. Rf6 Qa1+ 35. Kd2 Qxa2+ 36. Kc3
Qa5+ 37. Kd3 Re7 38. Rxg6+ Rg7 39. Rxg7+ Kxg7 40. Qf6+ Kg8
41. g6 1-0

[Event "FIDE Online Olympiad"]
[Site "Chess.com"]
[Date "2020.08.02"]
[EventDate "2020.07.31"]
[Round "9"]
[Result "1-0"]
[White "Khalil Bukhalaf"]
[Black "Nurdin Hassuji"]
[WhiteElo "1896"]
[BlackElo "1763"]
[PlyCount "177"]

1. c4 Nf6 2. g3 e6 3. Bg2 d5 4. Nf3 c6 5. O-O Be7 6. d4 O-O
7. Nc3 Nbd7 8. b3 Nb6 9. Nd2 dxc4 10. Nxc4 Nbd5 11. Bb2 Nxc3
12. Bxc3 Nd5 13. Bb2 Bb4 14. Rc1 Bd7 15. e4 Nf6 16. Qe2 Rc8
17. Rfd1 Qc7 18. a3 Be7 19. d5 exd5 20. exd5 Rfe8 21. d6 Bxd6
22. Qd3 Be7 23. Bxf6 Bxf6 24. Qxd7 Re1+ 25. Bf1 Qxd7 26. Rxd7
Rxc1 27. Rxb7 Bd4 28. Rd7 c5 29. Nd6 Rf8 30. Kg2 Rc2 31. Ne4
Ra2 32. Bc4 Rxa3 33. Nd6 Ra2 34. Bxf7+ Rxf7 35. Rxf7 Ra3
36. Rb7 h6 37. Ne4 Ra2 38. Rb5 Rb2 39. Nxc5 Bxc5 40. Rxc5 Rxb3
41. Rc7 a5 42. Ra7 Ra3 43. h4 a4 44. h5 Ra2 45. g4 a3 46. Kg3
Ra1 47. Kf4 a2 48. Kf5 Rf1 49. Rxa2 Rd1 50. Ra5 Rd2 51. f4 Rd4
52. Re5 Kf7 53. Rc5 Rd7 54. g5 hxg5 55. fxg5 Re7 56. Rc6 Kg8
57. g6 Re8 58. Re6 Rf8+ 59. Kg5 Rb8 60. Re5 Rf8 61. Rd5 Rb8
62. Kf5 Rf8+ 63. Ke6 Ra8 64. Ke7 Rf8 65. Rd7 Ra8 66. Ke6 Rf8
67. Rc7 Ra8 68. Rd7 Rf8 69. Ke5 Re8+ 70. Kf5 Rb8 71. Ke6 Re8+
72. Kd6 Ra8 73. Ke7 Rf8 74. Rd8 Rxd8 75. Kxd8 Kf8 76. Kd7 Kg8
77. Ke7 Kh8 78. Ke6 Kg8 79. Kd6 Kf8 80. Kd7 Kg8 81. Ke7 Kh8
82. Ke6 Kg8 83. Ke5 Kf8 84. Kf5 Kg8 85. Kg5 Kh8 86. Kf5 Kg8
87. Ke6 Kh8 88. h6 gxh6 89. Kf7 1-0

[Event "FIDE Online Olympiad"]
[Site "Chess.com"]
[Date "2020.08.02"]
[EventDate "2020.07.31"]
[Round "7"]
[Result "1-0"]
[White "Ahmad Tasneem"]
[Black "Joselyne Uwase"]
[WhiteElo "1417"]
[BlackElo "1553"]
[PlyCount "65"]

1. e4 e5 2. Nf3 Nf6 3. Nc3 Bb4 4. d3 Bxc3+ 5. bxc3 d6 6. d4
Nc6 7. d5 Ne7 8. Bd3 Bg4 9. O-O h6 10. h3 Bh5 11. Re1 O-O
12. Re3 c6 13. Be2 cxd5 14. exd5 Nexd5 15. Rd3 Rc8 16. Rxd5
Nxd5 17. Qxd5 Rxc3 18. Bd3 b6 19. Bb2 Rc5 20. Qb7 Qc7 21. Qe4
Bg6 22. Qg4 Bxd3 23. cxd3 Qe7 24. Re1 Rc2 25. Bc1 Qf6 26. a4
Qg6 27. Be3 Qxg4 28. hxg4 Ra2 29. d4 e4 30. Nh4 g6 31. g3 Kh7
32. Bf4 d5 33. Bd6 1-0

[Event "FIDE Online Olympiad"]
[Site "Chess.com"]
[Date "2020.08.02"]
[EventDate "2020.07.31"]
[Round "8"]
[Result "1-0"]
[White "Ahmad Nasir"]
[Black "Mohamad Firdaus Erfan"]
[WhiteElo "1557"]
[BlackElo "1241"]
[PlyCount "53"]

1. e4 c5 2. Nf3 d6 3. d4 cxd4 4. Nxd4 Nf6 5. Nc3 a6 6. Bg5
Nbd7 7. f4 h6 8. Bh4 g6 9. Bc4 Qc7 10. Bb3 b5 11. O-O Bb7
12. Re1 Bg7 13. Nd5 Qd8 14. Nxf6+ Bxf6 15. Bxf6 Nxf6 16. e5
dxe5 17. fxe5 Nh5 18. Qg4 Bd5 19. e6 Bxb3 20. axb3 Qd5
21. exf7+ Qxf7 22. Ne6 Nf6 23. Qf3 Rc8 24. Qb7 Rxc2 25. Qb8+
Kd7 26. Rad1+ Kc6 27. Qc7# 1-0

[Event "FIDE Online Olympiad"]
[Site "Chess.com"]
[Date "2020.08.02"]
[EventDate "2020.07.31"]
[Round "8"]
[Result "1-0"]
[White "Kholoud Al-Khelaifi"]
[Black "Ahmad Tasneem"]
[WhiteElo "1507"]
[BlackElo "1417"]
[PlyCount "125"]

1. d4 d5 2. e3 Bf5 3. f4 h6 4. Nf3 Nc6 5. Be2 e6 6. O-O Nf6
7. Nbd2 Be7 8. Ne5 Kf8 9. Nxc6 bxc6 10. Nf3 Ne4 11. Ne5 Qd6
12. c4 c5 13. b3 f6 14. dxc5 Nxc5 15. Nf3 c6 16. Bb2 Ne4
17. Rc1 Qc5 18. Nd4 Qd6 19. Nxf5 exf5 20. cxd5 cxd5 21. Bf3
Rd8 22. Bxe4 fxe4 23. Qd4 Qd7 24. Rfd1 Qf5 25. Qxa7 Kf7
26. Rc7 Rhe8 27. Ba3 Qe6 28. Rdc1 Ra8 29. Rxe7+ Qxe7 30. Qxe7+
Rxe7 31. Bxe7 Kxe7 32. Rc7+ Kf8 33. a4 Ra5 34. Rb7 g5 35. fxg5
hxg5 36. Rb6 Kf7 37. h3 Kg6 38. Rb5 Ra8 39. Rxd5 Rb8 40. Rb5
Rc8 41. Kf1 Rc1+ 42. Kf2 Rc2+ 43. Kg3 Rc3 44. Rb4 Rxe3+
45. Kf2 Rc3 46. Rxe4 Rxb3 47. g3 Rb2+ 48. Kf3 Rb3+ 49. Re3 Rb4
50. Ra3 f5 51. a5 Rb7 52. a6 Ra7 53. Ra5 Kf6 54. h4 g4+
55. Kf4 Ke6 56. Kg5 f4 57. Kxf4 Kd6 58. Kxg4 Rg7+ 59. Kf4 Rf7+
60. Rf5 Re7 61. g4 Kc6 62. Rf6+ Kc7 63. g5 1-0

[Event "FIDE Online Olympiad"]
[Site "Chess.com"]
[Date "2020.08.02"]
[EventDate "2020.07.31"]
[Round "7"]
[Result "1-0"]
[White "Estube Haileselassie Tadese"]
[Black "Oyon Marius Claude Amba"]
[WhiteElo "2097"]
[BlackElo "1966"]
[PlyCount "133"]

1. c4 Nf6 2. Nf3 e6 3. Nc3 c5 4. e4 Nc6 5. g3 a6 6. Bg2 Qc7
7. O-O h5 8. d4 cxd4 9. Nxd4 h4 10. Bf4 e5 11. Nxc6 dxc6
12. Bg5 hxg3 13. hxg3 Bg4 14. Qc1 Bc5 15. Be3 Bd4 16. Bxd4
exd4 17. e5 Nd7 18. Qf4 dxc3 19. Qxg4 cxb2 20. Rab1 O-O 21. e6
Nf6 22. Qf5 fxe6 23. Qxe6+ Qf7 24. Qxf7+ Rxf7 25. Rxb2 Rd8
26. Rfb1 Rdd7 27. Bh3 Rde7 28. Bc8 b5 29. Bxa6 Ne4 30. cxb5
cxb5 31. Bxb5 Kh7 32. Bd3 g6 33. Bxe4 Rxe4 34. Rb7 Rxb7
35. Rxb7+ Kh6 36. Kg2 Ra4 37. Rb2 Ra3 38. Rc2 g5 39. Kh3 Kh5
40. Kg2 g4 41. Kf1 Kg5 42. Ke2 Kf5 43. Kd2 Ke4 44. Kc1 Kd3
45. Rb2 Ra4 46. Rd2+ Kc3 47. Re2 Kd3 48. Re3+ Kd4 49. Kb2 Rb4+
50. Rb3 Rc4 51. a3 Ke4 52. Rb4 Rxb4+ 53. axb4 Kf3 54. b5 Kxf2
55. b6 Kxg3 56. b7 Kh2 57. b8=Q+ g3 58. Qf4 Kh1 59. Qh4+ Kg2
60. Kc2 Kf3 61. Qf6+ Ke2 62. Qe5+ Kf2 63. Qf4+ Kg2 64. Kd2 Kh1
65. Qh4+ Kg2 66. Ke2 Kg1 67. Qxg3+ 1-0

[Event "FIDE Online Olympiad"]
[Site "Chess.com"]
[Date "2020.08.02"]
[EventDate "2020.07.31"]
[Round "7"]
[Result "1-0"]
[White "Ruth Leykun Eshete"]
[Black "Tankeu Stephanie Tchouateu"]
[WhiteElo "1464"]
[BlackElo "1280"]
[PlyCount "56"]

1. e4 c5 2. Nc3 Nc6 3. Bb5 Nd4 4. Bc4 e6 5. Nf3 a6 6. Nxd4
cxd4 7. Ne2 b5 8. Bb3 Bb7 9. d3 Bc5 10. f4 Ne7 11. O-O f5
12. Ng3 O-O 13. exf5 Nxf5 14. Nxf5 Rxf5 15. Qg4 Qf6 16. Bd2
Rf8 17. Rae1 Qf7 18. Kh1 Kh8 19. c3 Be7 20. cxd4 Rg5 21. Bxe6
dxe6 22. Qxe6 Rxg2 23. d5 Rxd2 24. Re5 Qxe6 25. Rxe6 Bxd5+
26. Re4 Rxd3 27. Rfe1 Rxf4 28. Kg1 Bc5+ 1-0

[Event "FIDE Online Olympiad"]
[Site "Chess.com"]
[Date "2020.08.02"]
[EventDate "2020.07.31"]
[Round "7"]
[Result "1-0"]
[White "Grace Christie Youwou Pedhom"]
[Black "Merhawit Brhane Gebratsadik"]
[WhiteElo "1360"]
[BlackElo "1393"]
[PlyCount "51"]

1. d4 d5 2. c4 Nc6 3. Nc3 e6 4. Nf3 Nf6 5. e3 Be7 6. Be2 O-O
7. O-O a6 8. b3 h6 9. Bb2 b6 10. cxd5 exd5 11. Qc2 Nb8 12. Ne5
Be6 13. Bd3 g6 14. e4 Bd6 15. exd5 Nxd5 16. Nxd5 Bxd5 17. Rfe1
Qe8 18. Nxg6 Qc8 19. Nxf8 Qg4 20. Be4 Bxe4 21. Rxe4 Qh5
22. Rh4 Qxh4 23. Qh7+ Kxf8 24. Qh8+ Ke7 25. Re1+ Kd7 26. Qe8#
1-0

[Event "FIDE Online Olympiad"]
[Site "Chess.com"]
[Date "2020.08.02"]
[EventDate "2020.07.31"]
[Round "7"]
[Result "1-0"]
[White "Maya Jalloul"]
[Black "Naleli Mcpherson"]
[WhiteElo "1876"]
[BlackElo "1303"]
[PlyCount "85"]

1. c4 c6 2. Qa4 Nf6 3. Nc3 d5 4. cxd5 Nxd5 5. Nf3 Nxc3 6. bxc3
e6 7. e4 Nd7 8. Be2 Be7 9. O-O O-O 10. d4 Nb6 11. Qc2 Nd7
12. Bf4 Nf6 13. a4 b6 14. Ne5 Bb7 15. Rfd1 Rc8 16. Rab1 Qe8
17. Nc4 Qd7 18. Bf3 Rfd8 19. Bg3 h6 20. Ne5 Qe8 21. Qa2 c5
22. d5 exd5 23. exd5 Bd6 24. Re1 Qf8 25. c4 Bb8 26. a5 Bc7
27. Qc2 Nh7 28. d6 Bxf3 29. dxc7 Re8 30. Nxf3 Rxe1+ 31. Rxe1
Nf6 32. axb6 axb6 33. Qb2 Nd7 34. Qb5 Nf6 35. Qxb6 Kh8 36. Bd6
Qg8 37. Qxc5 Ne8 38. Bg3 f6 39. Qc6 Qf7 40. Qa6 Qd7 41. Qe6
Qxe6 42. Rxe6 Nxc7 43. Rc6 1-0

[Event "FIDE Online Olympiad"]
[Site "Chess.com"]
[Date "2020.08.02"]
[EventDate "2020.07.31"]
[Round "7"]
[Result "1-0"]
[White "Toritsemuwa Ofowino"]
[Black "Elizabeth Emile Nagib Tanyous"]
[WhiteElo "1959"]
[BlackElo "1472"]
[PlyCount "119"]

1. d4 e5 2. dxe5 Nc6 3. Nf3 Qe7 4. Qd5 f6 5. exf6 Nxf6 6. Qd1
Qb4+ 7. c3 Qe7 8. Bf4 d6 9. e3 Bg4 10. Be2 h6 11. Nbd2 g5
12. Bg3 O-O-O 13. Nd4 Bxe2 14. Qxe2 Nxd4 15. cxd4 Bg7 16. Rc1
Rd7 17. O-O h5 18. h4 Bh6 19. Qb5 Kb8 20. hxg5 Bxg5 21. Qxg5
Rg8 22. Qh6 Qe8 23. Qxf6 Rf7 24. Qh4 Rfg7 25. Nf3 Rg4 26. Qh3
Qg6 27. Nh4 Qf7 28. b3 a6 29. Rc4 Rc8 30. Rfc1 Ka8 31. Bxd6 c6
32. Bg3 Qe6 33. Nf3 Qf5 34. Rc5 Qf8 35. Rxh5 Rg8 36. Rh7 Rh8
37. Rxh8 Qxh8 38. Qxh8 Rxh8 39. Rc5 Ka7 40. Rf5 Kb6 41. Rf7 a5
42. Ne5 Ka6 43. Nd7 Kb5 44. Bc7 Rd8 45. Bxd8 b6 46. Rf5+ c5
47. dxc5 bxc5 48. Rxc5+ Ka6 49. Rxa5+ Kb7 50. Nc5+ Kc6 51. Na4
Kd7 52. Bf6 Ke6 53. Bd4 Kd6 54. e4 Ke6 55. Ra6+ Kd7 56. Nc5+
Kc7 57. Be5+ Kc8 58. Ra7 Kd8 59. Bd6 Kc8 60. Ra8# 1-0